000 00951 a2200193 4500
003 Nust
005 20221228171640.0
020 _a0704200791
040 _cNust
082 _a621.38804,SHA
100 _aJay Shane
_9106267
245 _aOn the color TV service bench /
_cJay shane
260 _aBlue Ridge Summit
_bPa., Tab Books
_c1974
300 _a190p
505 _aUnscrambling Brightness Problems (Page-7), Color Chassis Horizontal Problems (Page-25), The Horizontal Oscillator (Page-36), High Voltage Regulation (Page-51), Feedback HV Regulators (Page-63), Analyzing Vertical Problems (Page-77), Video And Chroma Amplifiers (Page-90), Color Sync (Page-103), Color Killer, Detector And Burst Amplifier (Page-115), Color Receiver Alignment (Page-141), The Alignment Procedure (Page-151), Troubleshooting With Alignment Gear (Page-170).
600 _aJay Shane
_9106267
650 _aOn the color TV service bench
_9106268
942 _2ddc
_cBK
999 _c183420
_d183420